000 00662nam a2200217 i 4500
001 7687
003 ES-MaACL
005 20230906145307.0
007 t|
008 910322s1988 sp ||||1| spa d
020 _a84-85287-67-3
080 _a9(461.1)"1936/1939"
080 _a355.48(461.1)"1936/1939"
080 _a9(46)"1936/1939"
100 1 _aFernández, Carlos.
_949345
245 1 3 _aLa Guerra civil en Galicia /
_cCarlos Fernandez.
260 _aLa Coruña :
_bBiblioteca Gallega,
_cD.L. 1988.
300 _a402 p., XI h. de lam. ;
_c29 cm.
651 4 _aGalicia-
_xHistoria-
_y1936-1939.
_98730
852 _aES-MaACL
_jL-14964
_bR.119178
_z. - guaflex
999 _c7687
_d7687